Missing Word: Religious Movies Quiz Stats

Quiz Updated Sep 8, 2015

Challenge
Share
Tweet
Embed
Score 0/22 Timer 04:00
0 Plays Today
Movie Missing Word % Correct
The Ten ______Commandments
98.3%
Joan of _____Arc
98.2%
Ben-_____Hur
96.9%
Jesus Christ _____Superstar
95.4%
Bruce _____Almighty
92.6%
The _____ Story Ever ToldGreatest
90.7%
The _____ of the ChristPassion
81.6%
The _____ of EgyptPrince
67.2%
The Last _____ of ChristTemptation
66.9%
The _____ of St. Mary'sBells
62.6%
_____ BehindLeft
60.1%
Movie Missing Word % Correct
_____ My WayGoing
57.7%
Of Gods and _____Men
54%
The Bible: In The _____Beginning
50.2%
_____ is for RealHeaven
48.8%
_____ of FaithLeap
44.1%
King of _____Kings
43.9%
The _____ NunSinging
35.4%
The _____ of BernadetteSong
32%
_____ BuddhaLittle
21.9%
The _____ StoryNativity
8.2%
The Omega _____Code
8.1%

Today's Daily Dose

You're not logged in!

Compare scores with friends on all Sporcle quizzes.
Sign Up with Email
OR
Log In

You Might Also Like...

Show Comments

Extras

Top Quizzes Today


Score Distribution

Your Account Isn't Verified!

In order to create a playlist on Sporcle, you need to verify the email address you used during registration. Go to your Sporcle Settings to finish the process.